The Global Cash Crunch (Record no. 3545)
[ view plain ]
| 000 -LEADER | |
|---|---|
| fixed length control field | 00414nam a22001337a 4500 |
| 008 - FIXED-LENGTH DATA ELEMENTS--GENERAL INFORMATION | |
| fixed length control field | 230704b xxu||||| |||| 00| 0 eng d |
| 020 ## - INTERNATIONAL STANDARD BOOK NUMBER | |
| International Standard Book Number | 0889366640 |
| 082 ## - DEWEY DECIMAL CLASSIFICATION NUMBER | |
| Classification number | 339.523 |
| Item number | IDRC |
| 110 ## - MAIN ENTRY--CORPORATE NAME | |
| Subordinate unit | International development Research Center |
| Date of meeting or treaty signing | 1992 |
| 245 ## - TITLE STATEMENT | |
| Title | The Global Cash Crunch |
| Remainder of title | An Examination of debt and Development |
| 260 ## - PUBLICATION, DISTRIBUTION, ETC. (IMPRINT) | |
| Name of publisher, distributor, etc. | International development Research Center |
| Date of publication, distribution, etc. | 1992 |
| 300 ## - PHYSICAL DESCRIPTION | |
| Extent | 43p |
| 942 ## - ADDED ENTRY ELEMENTS (KOHA) | |
| Source of classification or shelving scheme | Dewey Decimal Classification |
| Koha item type | Books |
| Withdrawn status | Lost status | Source of classification or shelving scheme | Damaged status | Not for loan | Home library | Current library | Date acquired | Total Checkouts | Full call number | Barcode | Date last seen | Price effective from | Koha item type |
|---|---|---|---|---|---|---|---|---|---|---|---|---|---|
| Dewey Decimal Classification | County Hall Archives | County Hall Archives | 07/04/2023 | 339.523 IDRC | 10011307 | 07/04/2023 | 07/04/2023 | Books | |||||
| Dewey Decimal Classification | County Hall Archives | County Hall Archives | 07/04/2023 | 339.523 IDRC | 10011017 | 07/04/2023 | 07/04/2023 | Books | |||||
| Dewey Decimal Classification | County Hall Archives | County Hall Archives | 07/04/2023 | 339.523 IDRC | 10011015 | 07/04/2023 | 07/04/2023 | Books | |||||
| Dewey Decimal Classification | County Hall Archives | County Hall Archives | 07/04/2023 | 339.523 IDRC | 10011016 | 07/04/2023 | 07/04/2023 | Books |
